MARC

LEADER 00000nam0a2200000 4500
001 35300
005 20231030233212.0
035 |a (RuTPU)RU\TPU\book\35726 
035 |a BOOK00002378 
090 |a 35300 
100 |a 20011210d1975 k y0rusy50 ca 
101 0 |a rus 
102 |a RU 
105 |a a z 000zy 
200 1 |a Основы геотектоники  |f В. В. Белоусов 
210 |a Москва  |c Недра  |d 1975 
215 |a 262 с. 
610 1 |a геология 
610 1 |a материки 
610 1 |a океаны 
610 1 |a кора 
610 1 |a строение 
610 1 |a геофизические сведения 
610 1 |a геохимические сведения 
610 1 |a верхняя мантия 
610 1 |a нижняя мантия 
610 1 |a ядро 
610 1 |a тектоника 
675 |a 551.24  |v 3 
700 1 |a Белоусов  |b В. В.  |g Владимир Владимирович 
801 0 |a RU  |b 63413507  |c 20011210  |g PSBO 
801 2 |a RU  |b 63413507  |c 20201030  |g PSBO 
900 |a Геотектоника и геодинамика 
942 |c BK